Szczegóły MARC21

Wywiad psychologiczny. 2, Wywiad jako spotkanie z człowiekiem /

003 -Nazwa inst., której nr kontr. jest w polu 001 [,]
    • @
    • Nazwa instytucji, której n kontrolny jest w polu 001
    • NUKAT
005 -DATA I CZAS OSTATNIEJ MODYFIKACJI [,]
    • @
    • pole kontrolne
    • 20241231102338.0
020 -Międzynarod. znormalizowany nr książki - ISBN [ , ]
    • a
    • Numer ISBN
    • 9788360733516 Find
040 -Instytucja sporządzająca opis [ , ]
    • a
    • Instytucja, która sporządziła opis (NP)
    • GD 101/MC
    • c
    • Instytucja, która sporządziła rekord (NP)
    • GD 101/MC
    • d
    • Instytucja, która zmodyfikowała rekord (P)
    • WA U/BMs
    • d
    • Instytucja, która zmodyfikowała rekord (P)
    • KR U/42JCs
    • d
    • Instytucja, która zmodyfikowała rekord (P)
    • GD 101/MC
942 -Rodzaj dokumentu [ , ]
    • c
    • Rodzaj dokumentu
    • Książka
245 -Strefa tytułu i oznaczenia odpowiedzialności [0,0]
    • a
    • Tytuł
    • Wywiad psychologiczny. Find
    • n
    • Oznaczenie części (P)
    • 2,
    • p
    • Nazwa części (P)
    • Wywiad jako spotkanie z człowiekiem /
    • c
    • Pozostałe elementy strefy tytułu i oznaczenia odpowiedzialności (NP)
    • red. nauk. Katarzyna Stemplewska-Żakowicz, Krzysztof Krejtz.
246 -Wariant tytułu [3, ]
    • a
    • Tytuł (NP)
    • Wywiad jako spotkanie z człowiekiem
260 -Strefa adresu wydawniczego [ , ]
    • a
    • Miejsce wydania (P)
    • Warszawa :
    • b
    • Nazwa wydawcy (P)
    • Pracownia Testów Psychologicznych,
    • c
    • Data wydania (P)
    • 2009.
300 -Strefa opisu fizycznego [ , ]
    • a
    • Określenie formy książki i/lub objętość (NP)
    • 288 s. ;
    • c
    • Format (NP)
    • 24 cm.
336 -Typ zawartości [ , ]
    • a
    • Termin opisujący typ zawartości
    • Tekst
    • b
    • Kod określający zawartość
    • txt
    • 2
    • Źródło (terminu i kodu)
    • rdacontent
337 -Typ mediów [ , ]
    • a
    • Tryb odtwarzania
    • Bez urządzenia pośredniczącego
    • b
    • Kod typu mediów
    • n
    • 2
    • Źródło (terminu i kodu)
    • rdamedia
338 -Typ/rodzaj nośnika [ , ]
    • a
    • Hasło opisujące typ nośnika
    • Wolumin
    • b
    • Kod typu nośnika
    • nc
    • 2
    • Źródło (terminu i kodu)
    • rdacarrier
504 -Uwaga dot. bibliogr. załącznikowej [ , ]
    • a
    • Uwaga dot. bibliografii załącznikowej
    • Bibliogr. s. 270-281. Indeksy.
080 -Uniwersalna Klasyfikacja Dziesiętna [ , ]
    • 2
    • Identyfikator wydania tablic
    • UDC-P058
    • 9
    • UKD
    • 2412
    • a
    • Symbol klasyfikacji
    • 159.9.072
    • b
    • Dopowiedzenie
    • Testy, eksperymenty psychologiczne, pomiary.
    • 4
    • UKD2
    • 7665
    • x
    • Poddział wspólny
    • (075.8)
    • c
    • Dopowiedzenie poddz. wspólnego
    • (Podręczniki dla szkół wyższych. Skrypty).
080 -Uniwersalna Klasyfikacja Dziesiętna [ , ]
    • 2
    • Identyfikator wydania tablic
    • UDC-P058
    • 9
    • UKD
    • 2709
    • a
    • Symbol klasyfikacji
    • 303.4/.8
    • b
    • Dopowiedzenie
    • Metody i techniki badań społecznych. Rodzaje badań. Strategia badań. Projektowanie badań. Surveye. Badania ankietowe. Ankiety. Dobór prób. Wywiady. Kwestionariusze. Opracowanie wyników. Organizacja badań. Socjometria. Metoda biograficzna w socjologii (biogramy)
    • 4
    • UKD2
    • 7665
    • x
    • Poddział wspólny
    • (075.8)
    • c
    • Dopowiedzenie poddz. wspólnego
    • (Podręczniki dla szkół wyższych. Skrypty).
650 -Hasło przedmiotowe [ ,7]
    • a
    • Hasło przedmiotowe
    • Wywiad psychologiczny.
    • 2
    • Źródło terminu
    • kaba
    • 9
    • KHW
    • 136775
650 -Hasło przedmiotowe [ ,7]
    • a
    • Hasło przedmiotowe
    • Wywiad dziennikarski.
    • 2
    • Źródło terminu
    • kaba
    • 9
    • KHW
    • 136771
650 -Hasło przedmiotowe [ ,7]
    • a
    • Hasło przedmiotowe
    • Relacje psychoterapeuta-pacjent.
    • 2
    • Źródło terminu
    • kaba
    • 9
    • KHW
    • 127680
650 -Hasło przedmiotowe [ ,7]
    • a
    • Hasło przedmiotowe
    • Psycholodzy
    • x
    • Określnik rzeczowy
    • deontologia.
    • 2
    • Źródło terminu
    • kaba
    • 9
    • KHW
    • 441408
980 -Symbol UKD [ , ]
    • a
    • UKD
    • 159.9.072:303.4/.8](075.8)
700 -Hasło dodatkowe - nazwa osobowa [1, ]
    • a
    • Nazwa osobowa (NP)
    • Stemplewska-Żakowicz, Katarzyna. Find
    • e
    • Określenie rodzaju współpracy
    • Red.
    • 9
    • KHW
    • 11908
700 -Hasło dodatkowe - nazwa osobowa [1, ]
    • a
    • Nazwa osobowa (NP)
    • Krejtz, Krzysztof. Find
    • e
    • Określenie rodzaju współpracy
    • Red.
    • 9
    • KHW
    • 24164
710 -Hasło dodatkowe - nazwa ciała zbiorowego [2, ]
    • a
    • Nazwa ciała zbiorowego lub nazwa geograficzna jako pierwszy element (NP)
    • Pracownia Testów Psychologicznych.
    • 4
    • Kod relacji
    • pbl
    • 9
    • KHW
    • 548171
920 -ISBN [ , ]
    • a
    • ISBN
    • 978-83-60733-51-6 Find
Lokalizacja Data inwentaryzacji Status udost. Numer inwentarzowy
BG2011-03-251Z.115183
BG2011-12-21-3WM.12859
BG2011-12-21-3WM.12860
BG2013-01-07-3WM.14048
BG2013-01-07-3WM.14049
BG2013-01-07-3WM.14050
BG2013-06-06-3WM.14566